000
00237nam a2200097Ia 4500
008
230907s9999||||xx |||||||||||||| ||und||
082
_a
620.11297
_b
ADV
245
0
_a
Advanced thermoelectrics :
300
_a
xxii, 790 pages ;
942
_c
BK
999
_c
598358
_d
598358